书目信息 |
| 题名: |
进入“地球村”
|
|
| 作者: | 卜卫 , 卜卫 著 | |
| 分册: | ||
| 出版信息: | 成都 四川少年儿童出版社 1994 |
|
| 页数: | 212页 | |
| 开本: | 20cm | |
| 丛书名: | 中国儿童生存、保护和发展书系 | |
| 单 册: | ||
| 中图分类: | G61 , G206.2 | |
| 科图分类: | 39.5 | |
| 主题词: | 传播媒介-影响-儿童--中国 , 儿童-影响因素-传播媒介--中国 | |
| 电子资源: | ||
| ISBN: | 7-5365-1216-3 | |
| 000 | 01053nam2 2200313 45 | |
| 001 | 1559130175 | |
| 005 | 20150130162622.87 | |
| 010 | @a7-5365-1216-3@b精装@dCNY7.50 | |
| 100 | @a19950421d1994 em y0chiy0121 ea | |
| 101 | 0 | @achi |
| 102 | @aCN@b510000 | |
| 105 | @ay z 000yy | |
| 200 | 10 | @a进入“地球村”@AJIN RU “ DI QIU CUN ”@e中国儿童与大众传播@EZHONG GUO ER TONG YU DA ZHONG CHUAN BO@f卜卫著@Fbo wei zhu |
| 210 | @a成都@c四川少年儿童出版社@d1994 | |
| 215 | @a212页@d20cm | |
| 225 | 2 | @a中国儿童生存、保护和发展书系 |
| 314 | @a卜 卫,中国社会科学院新闻研究所任职 | |
| 330 | @a本书介绍了媒介传播对儿童的影响,其中有:儿童生活中媒介发展、媒介传播发生作用的原因、条件、过程等。 | |
| 410 | 0 | @120010@a中国儿童生存、保护和发展书系 |
| 540 | 1 | @a地球村@ADI QIU CUN |
| 606 | @a传播媒介-影响-儿童@y中国 | |
| 606 | @a儿童-影响因素-传播媒介@y中国 | |
| 690 | @aG61@v三版 | |
| 690 | @aG206.2@v三版 | |
| 692 | @a39.5 | |
| 701 | 0 | @a卜卫@ABU WEI@4著 |
| 701 | 0 | @a卜卫@Abo wei@4著 |
| 801 | 0 | @aCN@bTSSF@c20150130 |
| 905 | @aZUCC@dG206.2@eJY1 | |
| 进入“地球村”:中国儿童与大众传播/卜卫著.-成都:四川少年儿童出版社,1994 |
| 212页;20cm.-(中国儿童生存、保护和发展书系) |
| ISBN 7-5365-1216-3(精装):CNY7.50 |
| 本书介绍了媒介传播对儿童的影响,其中有:儿童生活中媒介发展、媒介传播发生作用的原因、条件、过程等。 |
| ● |
| 相关链接 |
|
|
|
|
正题名:进入"地球村"
索取号:G206.2/JY1
 
预约/预借
| 序号 | 登录号 | 条形码 | 馆藏地/架位号 | 状态 | 备注 |
| 1 | 7859662 | 278596627 | 学院路分馆/ [索取号:G206.2/JY1] | 在馆 |